00239 a2200109 4500001000700000020000600007040001100013100002300024240003900047245003400086362000900120172035 a  cMagnum aSola, Jose Antonio10aCanudos: uma utopia no sertaolpor10aCanudos: uma utopia no sertao0 a1899